000 00314nam a22001457a 4500
003 SGT
020 _a9789350740194
082 _a791.45
_bVER
100 _aVERMA SRIKANT
245 _aT. V. AND INTERNET JOURNALISM
260 _a INDIA
_c2012
_bABHIJEET PUB.
300 _a246
650 _aBJMC
942 _2ddc
_cBK
999 _c32123
_d32123